Statystyki dla 20 największych miast we Włoszech

Kliknij tutaj aby rozwiązać quiz!

Ogólne statystyki

  • Ten quiz został rozwiązany 20 933 razy
  • Średni wynik to 9 z 20

Statystyki odpowiedzi

Liczba LudnościMiasto% Poprawnych
2 872 800Rzym
99%
1 366 180Mediolan
91%
966 144Neapol
84%
882 523Turyn
81%
261 321Wenecja
76%
380 948Florencja
62%
668 405Palermo
58%
580 097Genua
47%
389 261Bolonia
46%
257 275Werona
42%
323 370Bari
38%
195 687Parma
30%
311 620Katania
25%
210 440Padwa
21%
204 338Triest
17%
196 745Brescia
13%
185 273Modena
11%
234 293Mesyna
9%
198 283Taranto
6%
193 325Prato
4%

Rozkład punktacji

Percentyl według liczby udzielonych odpowiedzi

Procent ludzi z każdym wynikiem

Twoja historia wyników

Nie rozwiązałeś tego quizu